Chi è nato prima? - Statistics

Statistiche generali
  • Questo quiz è stato fatto 58 volte
  • Il punteggio medio è 5 su 10
Statistiche sulle risposte
Domanda Risposta % Corretto
Chi tra questi chef è nato prima? Bruno Barbieri
72%
Chi tra questi registi è nato prima? Quentin Tarantino
58%
Chi tra questi calciatori è nato prima? Cristiano Ronaldo
52%
Chi tra questi attori è nato prima? Tom Hanks
52%
Chi tra questi dittatori è nato prima? Joseph Stalin
48%
Chi tra questi piloti è nato prima? Kimi Räikkönen
46%
Chi tra questi Presidenti della Repubblica è nato prima? Luigi Einaudi
38%
Chi tra questi scienziati è nato prima? Marie Curie
38%
Chi tra queste attrici è nata prima? Sandra Bullock
28%
Chi tra questi mafiosi è nato prima? Tommaso Buscetta
22%
Nessun quiz corrispondente trovato
Distribuzione punteggi
Percentuale di utenti per punteggio
Percentile per numero di risposta
I tuoi punteggi nel tempo
Non hai fatto questo quiz